• 首页
  • 本馆介绍
  • 公告通知
  • 最新文献
  • 馆藏检索
  • 电子资源
  • 读者荐购
  • 参考咨询
  • CALIS
  • 我的图书馆
  • 登录
  • 详细信息显示
  • 放入我的书架
  • 预约/预借图书
  • 作者相关作品
  • 分类相关作品
  • 丛书相关作品
  • 出版社相关作品

书目信息

  • 表格格式
  • 工作单格式
  • 卡片格式
题名:
再见,苏菲斯
    
 
作者: 郭妮 著
分册: 2   邺火红莲之卷 下卷
出版信息: 北京   北京燕山出版社  2007.12
页数: 315页
开本: 20cm
丛书名:
单 册:
中图分类: I247.5
科图分类:
主题词: 长篇小说--中国--当代
电子资源:
ISBN: 978-7-5402-1926-0
 
 
 
 
 
000 00687nam0 2200217 450
001 1163204421
005 20111228105249.46
010    @a978-7-5402-1926-0@dCNY28.00
100    @a20111227d2007 km y0chiy0120 ea
101 0  @achi
102    @aCN@b110000
105    @az z 000ay
200 1  @a再见,苏菲斯@Azai jian,su fei si@h2@i邺火红莲之卷 下卷@f郭妮著@Fguo ni zhu
210    @a北京@c北京燕山出版社@d2007.12
215    @a315页@d20cm
517 1  @a邺火红莲之卷 下卷@Aye huo hong lian zhi juan xia juan
606 0  @a长篇小说@y中国@z当代
690    @aI247.5@v4
701  0 @a郭妮@Aguo ni@4著
801  0 @aCN@b大连网信软件有限公司图书馆·11@c20111228
905    @aZUCC@dI247.5@eG8237:2:2@f5
    
    再见,苏菲斯.2.邺火红莲之卷 下卷/郭妮著.-北京:北京燕山出版社,2007.12
    315页;20cm
    
    
    ISBN 978-7-5402-1926-0:CNY28.00
    
●
相关链接 在E读中查询图书 在当当中查询图书 在豆瓣中查询图书


正题名:再见,苏菲斯     索取号:I247.5/G8237:2:2         预约/预借

序号 登录号 条形码 馆藏地/架位号 状态 备注
1 1182509   211825097   社科二线400B/400B社科库 16排1列3层/ [索取号:I247.5/G8237:2:2] 在馆    
2 1182510   211825104   文学库108/108文学库 28排3列5层/ [索取号:I247.5/G8237:2:2] 在馆    
3 1182511   211825113   社科二线400B/400B社科库 16排1列3层/ [索取号:I247.5/G8237:2:2] 在馆    
4 1182512   211825122   文学库108/108文学库 28排3列5层/ [索取号:I247.5/G8237:2:2] 在馆    
5 1182513   211825131   文学库108/108文学库 28排3列5层/ [索取号:I247.5/G8237:2:2] 在馆    
河南城建学院图书馆 欢迎您!
大连网信软件有限公司© 版权所有